Dream Nail Bosses Hollow Knight - Statistics

General Stats
  • This quiz has been taken 24 times
  • The average score is 11 of 12
Answer Stats
Hint Answer % Correct
Fungal Wastes Elder Hu
95%
Forgotten Crossroads Failed Champion
95%
Howling Cliffs Gorb
95%
Ancient Basin Lost Kin
95%
Kingdoms Edge Markoth
95%
Queens Gardens Marmu
95%
Greenpath No Eyes
95%
City of Tears Soul Tyrant
95%
Resting Grounds Xero
95%
Deepnest Galien
91%
Royal Waterways White Defender
91%
Dirtmouth Grey Prince Zote
86%
No matching quizzes found
Score Distribution
Percent of People with Each Score
Percentile by Number Answered
Your Score History
You have not taken this quiz